000 01355nam a2200337 i 4500
001 000034001
003 DO-SdBNP
005 20250307073710.0
007 ta
008 110920s1998 ag 000 0 spa d
020 _a8449408199
040 _aDO-SdBNP
_bspa
_cBNPHU
_erda
082 4 _a822.33
_bS527r
_222
100 1 _aShakespeare, William,
_960053
_d1564-1616.
245 1 0 _aRomeo y Julieta /
_cWiliam Shakespeare ; introducción Pedro Henríquez Ureña ; traducción Pablo Neruda
264 _aBuenos Aires, Argentina :
_bLosada,
_c1998.
300 _a149 páginas ;
_c21 cm.
336 _2rdacontent
_atexto
_btxt
337 _2rdamedia
_asin mediación
_bn
338 _2rdacarrier
_avolumen
_bnc
490 0 _aClásicos universales
500 _aIncluye referencias bibliográficas y notas al pie de las páginas
505 0 _aIntroducción --
_tPrólogo --
_tActo primero --
_tActo segundo --
_tActo tercero --
_tActo cuarto --
_tActo quinto --
_tEpílogo.
590 _aInventariado, 2023/BT
600 1 4 _aShakespeare, William,
_d1564-1616
_96748
_xTraducciones al español
650 4 _aDrama inglés (Tragédia)
_983237
700 1 _aHenríquez Ureña, Pedro,
_d1884-1946
_eintroducción
_91718
700 1 _aNeruda, Pablo,
_etraducción
_941111
910 _aVmateo/Validado. Control de calidad MFF
942 _2ddc
_cLBS1
999 _c33492
_d33492